[Event "Stockerau op-B"]
[Site "Stockerau"]
[Date "2006.05.25"]
[Round "2"]
[White "Infuehr, Heinrich"]
[Black "Krueckel, Franz"]
[Result "1-0"]
[WhiteElo "1588"]
[BlackElo "1525"]
[PlyCount "87"]
[EventDate "2006.05.25"]
[EventType "swiss"]
[EventRounds "5"]
[EventCountry "AUT"]
[SourceTitle "CBM 112 Extra"]
[Source "ChessBase"]
[SourceDate "2006.07.14"]
[SourceVersion "1"]
[SourceVersionDate "2006.07.14"]
[SourceQuality "1"]

1. d4 d5 2. c4 c6 3. e3 Nf6 4. Nc3 e6 5. c5 b6 6. b4 Ba6 7. Bxa6 Nxa6 8. a3 Be7 9. Nf3 0-0 10. 0-0 Nd7 11. Re1 Bf6 12. Rb1 e5 13. a4 Nc7 14. Qc2 e4 15. Nd2 Rb8 16. cxb6 Rxb6 17. Ba3 Be7 18. Rb3 f5 19. f4 g5 20. Ne2 Rf7 21. Rc1 Rg7 22. b5 Bxa3 23. Rxa3 Nb8 24. Rc3 Rg6 25. Nb3 a6 26. bxc6 Qe7 27. Na5 Qb4 28. Rc5 Qb2 29. Qd1 Qa3 30. R1c3 Qa2 31. Rc1 Rb2 32. Ra1 Rd2 33. Qb1 Qxb1+ 34. Rxb1 Nxc6 35. Kf1 Nxa5 36. Rxc7 Rf6 37. fxg5 Rf8 38. Nf4 Nc4 39. Nxd5 Nxe3+ 40. Nxe3 f4 41. Nd5 e3 42. Nf6+ Rxf6 43. gxf6 Rf2+ 44. Ke1 1-0